01485nam a2200313 i 4500001000700000003000900007005001700016008004100033040003000074080001200104080001100116100006500127245006500192260008000257300002800337500001300365505016400378530005700542596008400599650003000683650003400713700005600747752002700803852006300830856011900893942001401012999001901026952012601045156341ES-MaACL20250901063130.0990614e1890 uy |r 001 0 spa  aCCPB | B bspa cES-MaACL a342.52  a342.531 aJiménez de Aréchaga, Justino E.,d1883-1928eaut912831613aEl poder legislativo / cpor Justino Jiménez de Aréchaga aMontevideo : b[s.n.], c1890f(Librería Nacional de A. Barreiro y Ramos) a377 páginas ; c23 cm aÍndice0 aVol. I. Organización del Poder Legislativo, 1887 (VIII, 327 páginas) - v. II. Derecho Parlamentario; Funciones del Poder Legislativo, 1890 (377 páginas)  aDisponible en formato digital la obra completa: 2 v. aPie de imprenta del v. I: Montevideo : Tip. y Enc. de A. Barreiro y Ramos, 1887 4aPoder legislativo9136723 4aDerecho parlamentario92421611 aBarreiro y Ramos, Antonio, d1851-1916eprm9242162 aUruguay - dMontevideo4 aES-MaACLcSPP2eSólo v. II jF-11783 xPasta española 4 uhttps://bdh-rd.bne.es/viewer.vm?id=0000049929&page=1yVersión en línea: 2 v.z(Biblioteca Digital Hispánica) cMONANTn0 c156341d156341 001040708LIBXIXaATENEOMbATENEOMcSPP2d2008-01-17eSSCl0oF-11783p1163564r2023-02-23 00:00:00w2023-02-23yMONANT